| 000 | 00361nam a2200157Ia 4500 | ||
|---|---|---|---|
| 005 | 20250425161617.0 | ||
| 008 | 250425s9999 xx 000 0 und d | ||
| 041 | _aeng | ||
| 082 | _aIBM4381 | ||
| 245 | 0 | _aSR20-7467-0 VS FORTRAN CODING STUDY GUIDE | |
| 250 | _aS.E. | ||
| 260 | _aS.L. | ||
| 260 |
_aSin Pais _bS.E. _c1900 |
||
| 942 | _c01 | ||
| 010 | _a24192 | ||
| 999 |
_c212535 _d212535 |
||